[Event "Trapani Province-ch"]
[Site "Erice"]
[Date "2012.01.15"]
[Round "1"]
[White "Krumbiegel, Michael"]
[Black "Savalla, Salvatore"]
[Result "0-1"]
[WhiteElo "1491"]
[BlackElo "1879"]
[PlyCount "81"]
[EventDate "2012.01.15"]
[EventType "swiss"]
[EventRounds "6"]
[EventCountry "ITA"]
[SourceTitle "EXT 2024"]
[Source "ChessBase"]
[SourceDate "2023.10.10"]
[SourceVersion "1"]
[SourceVersionDate "2023.10.10"]
[SourceQuality "1"]

1. Nf3 Nf6 2. g3 e6 3. Bg2 Nc6 4. 0-0 Be7 5. d3 0-0 6. c3 d5 7. b3 e5 8. Bg5 Be6 9. Nbd2 Qd7 10. Re1 Rfd8 11. Nf1 h6 12. Bxf6 Bxf6 13. Qc2 Bf5 14. N3d2 Ne7 15. Qb2 Qc6 16. Rac1 Bg5 17. Rc2 Qd7 18. Nf3 Bf6 19. e4 dxe4 20. dxe4 Bh7 21. N1d2 Nc6 22. Bf1 Qe7 23. Bh3 a6 24. Nc4 b5 25. Ne3 Bxe4 26. Nxe5 Nxe5 27. Rce2 Nf3+ 28. Kf1 Nxh2+ 29. Kg1 Nf3+ 30. Kf1 Nxe1 31. Kxe1 Qc5 32. Nd1 Bf3 33. b4 Rxd1+ 34. Kxd1 Qxc3 35. Qxc3 Bxc3 36. Kc2 Bxe2 37. Kxc3 Rd8 38. Bf5 g5 39. Be4 Kg7 40. Bb7 Rd6 41. Bc8 0-1

[Event "Trapani Province-ch"]
[Site "Erice"]
[Date "2010.01.24"]
[Round "6"]
[White "Savalla, Salvatore"]
[Black "Lo Piccolo, Antonino"]
[Result "0-1"]
[WhiteElo "1706"]
[BlackElo "1873"]
[PlyCount "61"]
[EventDate "2010.01.10"]
[EventType "swiss"]
[EventRounds "6"]
[EventCountry "ITA"]
[SourceTitle "EXT 2024"]
[Source "ChessBase"]
[SourceDate "2023.10.10"]
[SourceVersion "1"]
[SourceVersionDate "2023.10.10"]
[SourceQuality "1"]

1. e4 e5 2. Nf3 Nc6 3. Bc4 Bc5 4. c3 Nf6 5. d4 exd4 6. 0-0 d3 7. Bg5 d6 8. Qxd3 0-0 9. Re1 Ne5 10. Nxe5 dxe5 11. Qxd8 Rxd8 12. b4 Bb6 13. Na3 c6 14. Bxf6 gxf6 15. Red1 Bg4 16. Rd3 Rxd3 17. Bxd3 Rd8 18. Bf1 Rd2 19. Kh1 Bxf2 20. Nc4 Rc2 21. Na5 Rxc3 22. Nxb7 Rc2 23. a4 Be2 24. Nd6 Bd4 25. Re1 Bxf1 26. Rxf1 Ra2 27. b5 c5 28. h3 Rxa4 29. Rxf6 c4 30. Rxf7 Bc5 31. Rd7 0-1